ბათუმის შოთა რუსთაველის სახელმწიფო უნივერსიტეტის ბიბლიოთეკა

მეზღვაურთა პროფესიული მეტყველების სტრატეგია და ტაქტიკა (ინგლისური, რუსული და ქართული ენების ბაზაზე) : (ბიბ.ჩანაწერი № 57812)

000 -ლიდერი
ფიქსირებული სიგრძის საკონტროლო ველი 01413nam a22002297a 4500
003 - საკონტროლო ნომრის იდენტიფიკატორი
საკონტროლო ველი Ge_BSU
005 - ბოლო ოპერაციის თარიღი და დრო
საკონტროლო ველი 20221221151128.0
008 - ფიქსირებული სიგრძის მონაცემთა ელემენტები - ზოგადი ინფორმაცია
ფიქსირებული სიგრძის საკონტროლო ველი 201209s2020 ge ||||| |||| 00| 0 geo d
041 ## - ენის კოდი
Language code of text/sound track or separate title geo
080 ## - უნივერსალური ათობითი კლასიფიკაციის ინდექსი
Universal Decimal Classification number 81'25 ი-50
100 ## - მთავარი ჩანაწერი - პიროვნების სახელი
Personal name იმნაძე, მედეა
9 (RLIN) 9911
245 ## - ცნობა სათაურის შესახებ
Title მეზღვაურთა პროფესიული მეტყველების სტრატეგია და ტაქტიკა (ინგლისური, რუსული და ქართული ენების ბაზაზე) :
Statement of responsibility, etc მედეა იმნაძე; მეცნ. ხელმძღვანელი ასმათ არძენაძე; ბსუ; ჰუმანიტარულ მეცნიერებათა ფაკულტეტი.
Remainder of title დისერტაცია /
264 ## - წარმოების, გამოცემის, დისტრიბუციის და სხვა ცნობები
გამოცემის, წარმოების, დისტრიბუციის... ადგილი ბათუმი,
გამოცემის, წარმოების, დისტრიბუციის... თარიღი 2020.
300 ## - ფიზიკური აღწერა
Extent 123 გვ.
Other physical details ილ.
Dimensions 30 სმ.
504 ## - BIBLIOGRAPHY, ETC. NOTE
Bibliography, etc ბიბლიოგრ. გვ.118-123
653 ## - INDEX TERM--UNCONTROLLED
Uncontrolled term ფილოლოგია
653 ## - INDEX TERM--UNCONTROLLED
Uncontrolled term თარგმანმცოდნეობა
653 ## - INDEX TERM--UNCONTROLLED
Uncontrolled term დისერტაცია
700 ## - ADDED ENTRY--PERSONAL NAME
Personal name არძენაძე, ასმათ
Relator term მეცნიერ-ხელმძღვანელი
9 (RLIN) 9912
710 ## - ADDED ENTRY--CORPORATE NAME
Corporate name or jurisdiction name as entry element ბსუ
Subordinate unit ჰუმანიტარულ მეცნიერებათა ფაკულტეტი
9 (RLIN) 9915
942 ## - ADDED ENTRY ELEMENTS (KOHA)
Source of classification or shelving scheme
Koha item type დისერტაცია
ეგზემპლარები
ჩამოწერის სტატუსი დაკარგული ეგზემპლარის სტატუსი კლასიფიკაციის წყარო ან თაროზე გაწყობის სქემა დაზიანების სტატუსი არ გაიცემა მუდმივი მდებარეობა (დაცვის ადგილი) ამჟამინდელი ადგილსამყოფელი თაროზე განთავსების ადგილი შეძენის თარიღი სრული შენახვის შიფრი შტრიხკოდი ბოლო ოპერაციის თარიღი ეგზემპლარის მიმდევრობითი ნომერი (კეტერი?) ფასის ძალაში შესვლის თარიღი ეგზემპლარის სახეობა
          ბათუმის შოთა რუსთაველის სახელმწიფო უნივერსიტეტის მთავარი ბიბლიოთეკა ბათუმის შოთა რუსთაველის სახელმწიფო უნივერსიტეტის მთავარი ბიბლიოთეკა წიგნსაცავი 2020-12-09 81'25 ი-50 344 დისერტაცია 2020-12-09 344 2020-12-09 დისერტაცია